Ako sa zorientovať v symboloch ratingových agentúr

Bibliographic Details
Format: Article
Language:Slovak
PhysicalDescription:Tab.
ISSN:1335-4701
Subjects:

MARC

LEADER 00000nab a2200000 a 4500
001 vtls000777822
003 SK-MaSNL
005 20260302152839.0
008 140301c2001 xo 0 slo
015 |a SNBRB2001/12-35452 
035 |a CLN000129603 
040 |a SNKBUCL  |b slo  |c SNKBUCL  |e AACR2 
041 0 |a slo 
044 |a xo  |c SK 
080 |a 659.23  |2 1997 
245 0 0 |a Ako sa zorientovať v symboloch ratingových agentúr 
300 |b Tab. 
650 0 7 |a ratingové agentúry  |2 SNKPH  |9 195497 
655 7 |a články z novín a časopisov  |2 snkbucl  |9 267496 
773 0 |t Hospodárske noviny  |g Roč. 9, č. 209 (29.10.2001)  |x 1335-4701 
773 0 |t [Príl.] s.r.a. rating a analýzy  |g Č. 6 (2001), s. 17  |x 1335-4701 
850 |a Slovenská národná knižnica v Martine 
852 |a SNK  |b KIS3GCP 
958 |a SK 
992 |a RBX 
999 |c 1363672  |d 1365602